Formula 1: 2005 Pole Sitters - Statistics

General Stats
  • This quiz has been taken 5 times
  • The average score is 17 of 19
Answer Stats
Grand Prix Country Pole % Correct
Malaysia Spain Fernando Alonso
100%
Bahrain Spain Fernando Alonso
100%
France Spain Fernando Alonso
100%
United Kingdom Spain Fernando Alonso
100%
Brazil Spain Fernando Alonso
100%
China Spain Fernando Alonso
100%
United States Italy Jarno Trulli
100%
San Marino Finland Kimi Räikkönen
100%
Spain Finland Kimi Räikkönen
100%
Monaco Finland Kimi Räikkönen
100%
Germany Finland Kimi Räikkönen
100%
Turkey Finland Kimi Räikkönen
100%
Hungary Germany Michael Schumacher
100%
Japan Germany Ralf Schumacher
100%
Australia Italy Giancarlo Fisichella
75%
Canada United Kingdom Jenson Button
75%
Italy Colombia Juan Pablo Montoya
75%
Belgium Colombia Juan Pablo Montoya
75%
European (Germany) Germany Nick Heidfeld
25%
No matching quizzes found
Score Distribution
Percent of People with Each Score
Percentile by Number Answered
Your Score History
You have not taken this quiz